[Event "Riga Tech Rapid op"]
[Site "Riga"]
[Date "2023.08.06"]
[Round "6"]
[White "Muzis, Renars"]
[Black "Laimins, Lauris"]
[Result "0-1"]
[WhiteElo "1919"]
[BlackElo "2144"]
[PlyCount "138"]
[EventDate "2023.08.06"]
[EventType "swiss (rapid)"]
[EventRounds "9"]
[EventCountry "LAT"]
[SourceTitle "CBM 215 Extra"]
[Source "ChessBase"]
[SourceDate "2023.09.30"]
[SourceVersion "1"]
[SourceVersionDate "2023.09.30"]
[SourceQuality "1"]

1. e4 Nf6 2. e5 Nd5 3. d4 d6 4. c4 Nb6 5. exd6 exd6 6. Bd3 Be7 7. Ne2 Bg4 8. 0-0 Na6 9. Nbc3 0-0 10. f3 Be6 11. b3 c6 12. Nf4 Bc8 13. a3 Nc7 14. Bc2 Ne6 15. Re1 Bf6 16. Nxe6 Bxe6 17. Bb2 d5 18. c5 Nc8 19. Ne2 Qd7 20. Qd3 g6 21. Ng3 Ne7 22. Rad1 Rfe8 23. Qd2 Nf5 24. Qf4 b6 25. Nxf5 Bxf5 26. Bxf5 Qxf5 27. Qxf5 gxf5 28. b4 bxc5 29. bxc5 Rxe1+ 30. Rxe1 Rb8 31. Re2 Rb3 32. Rd2 Bg5 33. Re2 Be3+ 34. Kf1 Rd3 35. Rc2 f4 36. Ke2 Rb3 37. g3 h5 38. gxf4 Bxf4 39. h3 a5 40. Kf2 a4 41. Re2 Kf8 42. Rc2 Ke7 43. Kg2 Kf6 44. Kf2 Kf5 45. Re2 h4 46. Kg2 Be3 47. Kf1 Kf4 48. Kg2 Rd3 49. Rc2 Rd1 50. Bc3 Rg1+ 51. Kh2 Kxf3 52. Rb2 Rc1 53. Ba5 Bxd4 54. Ra2 Rf1 55. Bd8 Rf2+ 56. Rxf2+ Bxf2 57. Bf6 d4 58. Bg7 d3 59. Bc3 Bxc5 60. Bb2 f5 61. Ba1 Bxa3 62. Bd4 c5 63. Bf6 c4 64. Bd4 Bb4 65. Bb2 a3 66. Bc1 f4 67. Kh1 a2 68. Bd2 a1Q+ 69. Kh2 Qf1 0-1

[Event "Riga Tech op 11th"]
[Site "Riga"]
[Date "2022.08.18"]
[Round "5"]
[White "Laimins, Lauris"]
[Black "Morkunas, Gustas"]
[Result "0-1"]
[WhiteElo "2190"]
[BlackElo "1995"]
[PlyCount "66"]
[EventDate "2022.08.15"]
[EventType "swiss"]
[EventRounds "9"]
[EventCountry "LAT"]
[SourceTitle "CBM 209 Extra"]
[Source "ChessBase"]
[SourceDate "2022.09.30"]
[SourceVersion "1"]
[SourceVersionDate "2022.09.30"]
[SourceQuality "1"]

1. d4 Nf6 2. c4 g6 3. f3 Bg7 4. e4 d6 5. Nc3 0-0 6. Be3 Nc6 7. Nge2 a6 8. Qd2 Rb8 9. Rc1 e5 10. d5 Ne7 11. Ng3 c6 12. Bd3 h5 13. Nge2 Bd7 14. 0-0 c5 15. a3 Ne8 16. b4 b6 17. f4 exf4 18. Bxf4 f5 19. Rce1 fxe4 20. Nxe4 Nf5 21. Kh1 Rb7 22. Ng1 Bc8 23. Nf3 Re7 24. Neg5 Nf6 25. Rxe7 Qxe7 26. Re1 Qd8 27. Ne6 Bxe6 28. Rxe6 Re8 29. Qe2 Qd7 30. Bxf5 gxf5 31. Bxd6 Ne4 32. Rxe8+ Qxe8 33. Bf4 Ng3+ 0-1

[Event "Riga Tech op 11th"]
[Site "Riga"]
[Date "2022.08.16"]
[Round "2"]
[White "Laurusas, Tomas"]
[Black "Laimins, Lauris"]
[Result "1-0"]
[WhiteElo "2573"]
[BlackElo "2190"]
[PlyCount "55"]
[EventDate "2022.08.15"]
[EventType "swiss"]
[EventRounds "9"]
[EventCountry "LAT"]
[SourceTitle "CBM 209 Extra"]
[Source "ChessBase"]
[SourceDate "2022.09.30"]
[SourceVersion "1"]
[SourceVersionDate "2022.09.30"]
[SourceQuality "1"]

1. c4 Nf6 2. Nc3 c6 3. e4 d6 4. d4 Nbd7 5. Nf3 e5 6. Be2 g6 7. 0-0 Bg7 8. Qc2 0-0 9. Rd1 Re8 10. d5 c5 11. a3 a6 12. b4 b6 13. Rb1 Nf8 14. Bd2 Nh5 15. g3 f5 16. exf5 gxf5 17. Nh4 Nf4 18. Bf1 Qf6 19. bxc5 bxc5 20. Na4 Ra7 21. Nb6 Rf7 22. Nxc8 Rxc8 23. Qxf5 Qxf5 24. Nxf5 Rxf5 25. Bxf4 Rf6 26. Bg5 Rg6 27. h4 h6 28. Be7 1-0

[Event "Riga Tech Rapid op"]
[Site "Riga"]
[Date "2022.08.14"]
[Round "6"]
[White "Laimins, Lauris"]
[Black "Filipovs, Jevgenijs"]
[Result "1-0"]
[WhiteElo "2190"]
[BlackElo "1573"]
[PlyCount "63"]
[EventDate "2022.08.14"]
[EventType "swiss (rapid)"]
[EventRounds "9"]
[EventCountry "LAT"]
[SourceTitle "CBM 209 Extra"]
[Source "ChessBase"]
[SourceDate "2022.09.30"]
[SourceVersion "1"]
[SourceVersionDate "2022.09.30"]
[SourceQuality "1"]

1. d4 d5 2. c4 c6 3. Nf3 Nf6 4. Nc3 e6 5. Bg5 Be7 6. e3 Nbd7 7. Bd3 b6 8. 0-0 0-0 9. Rc1 Bb7 10. cxd5 exd5 11. h3 c5 12. dxc5 bxc5 13. Na4 Qa5 14. b3 c4 15. Bf5 Nb6 16. Nc3 h6 17. Bh4 g6 18. Bb1 g5 19. Bg3 Ne4 20. Nxe4 dxe4 21. Nd4 c3 22. Qh5 Kg7 23. h4 Rad8 24. f4 exf3 25. Nf5+ Kg8 26. Nxe7+ Kg7 27. Nf5+ Qxf5 28. Bxf5 fxg2 29. Be5+ Kg8 30. Qxh6 gxf1Q+ 31. Rxf1 Rc8 32. Qh7# 1-0

[Event "Riga Tal Memorial blitz"]
[Site "Riga"]
[Date "2019.07.18"]
[Round "6"]
[White "Khismatullin, Denis Rimovich"]
[Black "Laimins, Lauris"]
[Result "1-0"]
[WhiteElo "2618"]
[BlackElo "2184"]
[PlyCount "95"]
[EventDate "2019.07.18"]
[EventType "swiss (blitz)"]
[EventRounds "13"]
[EventCountry "LAT"]
[SourceTitle "CBM 191 Extra"]
[Source "ChessBase"]
[SourceDate "2019.09.30"]
[SourceVersion "1"]
[SourceVersionDate "2019.09.30"]
[SourceQuality "1"]

1. Nf3 d5 2. e3 Nf6 3. c4 e6 4. b3 Be7 5. Bb2 0-0 6. Nc3 c5 7. cxd5 Nxd5 8. h4 Nc6 9. Qb1 Bf6 10. Ng5 g6 11. Nge4 Be7 12. h5 g5 13. h6 Ncb4 14. Ng3 Nf6 15. a3 Nbd5 16. Nxd5 Qxd5 17. Bc4 Qxg2 18. Qc2 Qf3 19. Be2 Qd5 20. 0-0-0 Rd8 21. Rhg1 Kf8 22. Bc4 Qf3 23. Bd3 b5 24. Ne4 Bb7 25. Nxg5 Qd5 26. Nxh7+ Nxh7 27. Bxh7 Ke8 28. f3 Qh5 29. Rh1 Qxf3 30. Bd3 Qd5 31. Bxb5+ Bc6 32. Bxc6+ Qxc6 33. Rdf1 Kd7 34. h7 f6 35. Rhg1 Rh8 36. Rg7 Raf8 37. Bxf6 Re8 38. Bxe7 Rxe7 39. Rxe7+ Kxe7 40. Qg6 Qe8 41. Qg7+ Kd6 42. Rf7 Qb8 43. Kc2 c4 44. Qd4+ Kc6 45. Qxc4+ Kd6 46. Qd4+ Kc6 47. b4 Qb6 48. Qd7# 1-0

[Event "Riga RTU rapid op"]
[Site "Riga"]
[Date "2019.07.04"]
[Round "8"]
[White "Laimins, Lauris"]
[Black "Bulmaga, Irina"]
[Result "1-0"]
[WhiteElo "2123"]
[BlackElo "2434"]
[PlyCount "121"]
[EventDate "2019.07.04"]
[EventType "swiss (rapid)"]
[EventRounds "9"]
[EventCountry "LAT"]
[SourceTitle "EXT 2020"]
[Source "ChessBase"]
[SourceDate "2019.10.17"]
[SourceVersion "1"]
[SourceVersionDate "2019.10.17"]
[SourceQuality "1"]

1. e4 c5 2. f4 Nc6 3. Nf3 d6 4. c3 Bg4 5. h3 Bxf3 6. Qxf3 g6 7. d3 Bg7 8. a4 e6 9. Na3 Nge7 10. Be2 0-0 11. 0-0 f5 12. exf5 exf5 13. Qf2 Qd7 14. Bd2 b6 15. Bf3 d5 16. Nc2 Kh8 17. Kh1 Ng8 18. Rab1 Rac8 19. Rfe1 Nf6 20. b3 Rcd8 21. Rbd1 Na5 22. Rb1 c4 23. Nd4 cxd3 24. Ne6 Ne4 25. Bxe4 dxe4 26. Nxf8 Rxf8 27. c4 Nc6 28. Be3 Nd4 29. Rec1 Rd8 30. c5 bxc5 31. Rxc5 a6 32. Rc4 h6 33. b4 Nc2 34. Rxc2 dxc2 35. Qxc2 Qd3 36. Qxd3 Rxd3 37. Bc5 Bd4 38. Bxd4+ Rxd4 39. b5 axb5 40. axb5 Rd7 41. b6 Rb7 42. g4 Kg7 43. Kg2 Kf6 44. Kf2 Ke6 45. Ke3 Kd6 46. gxf5 gxf5 47. Rb5 Ke6 48. h4 Rb8 49. b7 Kd6 50. Kd4 Kc6 51. Rxf5 Rxb7 52. Rf6+ Kb5 53. Kxe4 Kc5 54. Rxh6 Re7+ 55. Kf5 Kd5 56. h5 Rf7+ 57. Rf6 Ra7 58. h6 Ra2 59. h7 Rh2 60. Kg6 Ke4 61. Kg7 1-0

[Event "Riga Tech op 7th"]
[Site "Riga"]
[Date "2017.08.07"]
[Round "1"]
[White "Ghosh, Diptayan"]
[Black "Laimins, Lauris"]
[Result "1-0"]
[WhiteElo "2562"]
[BlackElo "2213"]
[PlyCount "55"]
[EventDate "2017.08.07"]
[EventType "swiss"]
[EventRounds "9"]
[EventCountry "LAT"]
[SourceTitle "CBM 179 Extra"]
[Source "ChessBase"]
[SourceDate "2017.08.23"]
[SourceVersion "1"]
[SourceVersionDate "2017.08.23"]
[SourceQuality "1"]

1. d4 d5 2. c4 c6 3. e3 Nf6 4. Nc3 a6 5. Nf3 Bf5 6. Ne5 b5 7. g4 Be6 8. c5 Qc8 9. f3 g6 10. h4 h5 11. g5 Nfd7 12. Nd3 Bg7 13. Be2 Qc7 14. a4 bxa4 15. Rxa4 Bf5 16. e4 Qg3+ 17. Kd2 dxe4 18. fxe4 Bg4 19. Kc2 e5 20. d5 Ra7 21. Bd2 Rc7 22. d6 Rb7 23. Qf1 f6 24. Bxg4 Qxg4 25. gxf6 Bxf6 26. Rg1 Qxh4 27. Be1 Qh2+ 28. Bf2 1-0

[Event "Liepajas Rokade op"]
[Site "Liepaja"]
[Date "2014.07.10"]
[Round "2"]
[White "Shirov, Alexei"]
[Black "Laimins, Lauris"]
[Result "1-0"]
[WhiteElo "2709"]
[BlackElo "2230"]
[PlyCount "41"]
[EventDate "2014.07.10"]
[EventType "swiss (rapid)"]
[EventRounds "13"]
[EventCountry "LAT"]
[SourceTitle "EXT 2015"]
[Source "ChessBase"]
[SourceDate "2014.11.20"]
[SourceVersion "1"]
[SourceVersionDate "2014.11.20"]
[SourceQuality "1"]

1. e4 e5 2. Nf3 Nf6 3. Nc3 Bb4 4. Nxe5 Qe7 5. Nd3 Bxc3 6. dxc3 Qxe4+ 7. Be2 Qxg2 8. Bf3 Qh3 9. Nf4 Qf5 10. Qe2+ Kf8 11. Rg1 h6 12. Be3 Nc6 13. 0-0-0 d6 14. Rg3 Ne5 15. Nd5 Nxd5 16. Bxd5 c6 17. Bg2 d5 18. Bxd5 Be6 19. Bxe6 Qxe6 20. Bd4 Re8 21. Re3 1-0

[Event "LAT-ch"]
[Site "Riga"]
[Date "2014.04.29"]
[Round "1"]
[White "Sveshnikov, Evgeny"]
[Black "Laimins, Lauris"]
[Result "0-1"]
[WhiteElo "2523"]
[BlackElo "2222"]
[PlyCount "73"]
[EventDate "2014.04.29"]
[EventType "swiss"]
[EventRounds "9"]
[EventCountry "LAT"]
[SourceTitle "CBM 160 Extra"]
[Source "ChessBase"]
[SourceDate "2014.07.01"]
[SourceVersion "1"]
[SourceVersionDate "2014.07.01"]
[SourceQuality "1"]

1. c4 c6 2. e4 d5 3. exd5 cxd5 4. d4 Nf6 5. Nc3 e6 6. Nf3 Nc6 7. c5 b6 8. Bb5 Bd7 9. Bxc6 Bxc6 10. Ne5 Rc8 11. b4 bxc5 12. bxc5 Be7 13. Nxc6 Rxc6 14. Qa4 Qd7 15. 0-0 0-0 16. Re1 Rfc8 17. Bf4 Nh5 18. Be3 g6 19. Rab1 Ng7 20. Nb5 Ra8 21. Na3 Qc8 22. Nc2 Ra6 23. Qb3 Nf5 24. Bf4 Bf6 25. Red1 g5 26. Bb8 Ra5 27. a3 Ne7 28. Bd6 Nc6 29. Qg3 Kh8 30. Rb3 Ra4 31. Rf3 Qd8 32. h4 Rc4 33. hxg5 Bg7 34. Rd2 Rxc2 35. Rxc2 Nxd4 36. Rxf7 Nxc2 37. Be5 0-1

[Event "Baltija Cup"]
[Site "Palanga"]
[Date "2012.06.22"]
[Round "7"]
[White "Laimins, Lauris"]
[Black "Vedrickas, Tautvydas"]
[Result "1/2-1/2"]
[WhiteElo "2244"]
[BlackElo "2329"]
[PlyCount "81"]
[EventDate "2012.06.19"]
[EventType "swiss"]
[EventRounds "8"]
[EventCountry "LTU"]
[SourceTitle "CBM 149 Extra"]
[Source "ChessBase"]
[SourceDate "2012.08.24"]
[SourceVersion "1"]
[SourceVersionDate "2012.08.24"]
[SourceQuality "1"]

1. d4 Nf6 2. c4 e6 3. Nf3 c5 4. e3 b6 5. Nc3 cxd4 6. exd4 Bb7 7. Be2 d5 8. 0-0 Be7 9. Ne5 0-0 10. Bf3 a6 11. Be3 Ra7 12. cxd5 Nxd5 13. Nxd5 Bxd5 14. Rc1 Qd6 15. Rc3 Bf6 16. Bxd5 Qxd5 17. Qb3 Qxb3 18. Rxb3 Bd8 19. Rc1 f6 20. Nd3 Rd7 21. Nf4 Rd6 22. d5 exd5 23. Rd3 Kf7 24. Rxd5 Be7 25. Kf1 g5 26. Rxd6 Bxd6 27. Nd5 b5 28. Bd4 Ke6 29. Nb6 Rd8 30. Be3 Be5 31. b3 h6 32. h3 f5 33. f3 Bf4 34. Bxf4 gxf4 35. a4 Rd6 36. Re1+ Kf6 37. Nc8 Rd3 38. axb5 axb5 39. Nb6 Rd6 40. Nc8 Rd3 41. Nb6 1/2-1/2

[Event "Baltija Cup"]
[Site "Palanga"]
[Date "2012.06.22"]
[Round "6"]
[White "Svitojus, Zygimantas"]
[Black "Laimins, Lauris"]
[Result "0-1"]
[WhiteElo "1964"]
[BlackElo "2244"]
[PlyCount "116"]
[EventDate "2012.06.19"]
[EventType "swiss"]
[EventRounds "8"]
[EventCountry "LTU"]
[SourceTitle "CBM 149 Extra"]
[Source "ChessBase"]
[SourceDate "2012.08.24"]
[SourceVersion "1"]
[SourceVersionDate "2012.08.24"]
[SourceQuality "1"]

1. e4 e5 2. Nf3 Nf6 3. Nxe5 d6 4. Nf3 Nxe4 5. Nc3 Nxc3 6. dxc3 Be7 7. Bf4 0-0 8. Qd2 Nd7 9. 0-0-0 Nc5 10. Be3 Re8 11. Bc4 Be6 12. Bxe6 Nxe6 13. h4 c6 14. Qd3 d5 15. Qf5 Qc8 16. Ng5 Nxg5 17. Qxc8 Raxc8 18. hxg5 f6 19. gxf6 Bxf6 20. g4 h6 21. Rh3 Re4 22. f4 Rce8 23. Bd2 Kf7 24. Rf1 Kg6 25. Rhh1 Re2 26. Re1 Rxe1+ 27. Rxe1 Rxe1+ 28. Bxe1 h5 29. gxh5+ Kxh5 30. Bf2 a6 31. Kd2 Kg4 32. Be3 Kf3 33. Kd3 g6 34. a4 Be7 35. Ba7 Kxf4 36. c4 Bf6 37. b4 b5 38. cxb5 cxb5 39. axb5 axb5 40. Be3+ Kf3 41. Bc1 Be5 42. Bg5 Kg4 43. Be3 Kf5 44. Bf2 g5 45. Ke3 Bc3 46. Kd3 Bxb4 47. Kd4 Ke6 48. Bg1 Kd6 49. Bh2+ Kc6 50. Bg3 Bc5+ 51. Kd3 Kd7 52. Ke2 Ke6 53. Kf3 Bd6 54. Bf2 Kf5 55. Be3 g4+ 56. Ke2 Ke4 57. Bf2 g3 58. Bg1 Be5 0-1

[Event "Baltija Cup"]
[Site "Palanga"]
[Date "2012.06.21"]
[Round "4"]
[White "Vaicekauskas, Gytis"]
[Black "Laimins, Lauris"]
[Result "1/2-1/2"]
[WhiteElo "2058"]
[BlackElo "2244"]
[PlyCount "30"]
[EventDate "2012.06.19"]
[EventType "swiss"]
[EventRounds "8"]
[EventCountry "LTU"]
[SourceTitle "CBM 149 Extra"]
[Source "ChessBase"]
[SourceDate "2012.08.24"]
[SourceVersion "1"]
[SourceVersionDate "2012.08.24"]
[SourceQuality "1"]

1. e4 e6 2. d4 d5 3. Nc3 Bb4 4. e5 c5 5. a3 Bxc3+ 6. bxc3 Qc7 7. Qg4 f5 8. Qg3 Nc6 9. Nf3 Nge7 10. Qxg7 Rg8 11. Qxh7 cxd4 12. Bb5 Bd7 13. Bxc6 Bxc6 14. Bg5 Rxg5 15. Nxg5 Bb5 1/2-1/2

[Event "Baltija Cup"]
[Site "Palanga"]
[Date "2012.06.20"]
[Round "3"]
[White "Laimins, Lauris"]
[Black "Miknevicius, Laurynas"]
[Result "1-0"]
[WhiteElo "2244"]
[BlackElo "1835"]
[PlyCount "121"]
[EventDate "2012.06.19"]
[EventType "swiss"]
[EventRounds "8"]
[EventCountry "LTU"]
[SourceTitle "CBM 149 Extra"]
[Source "ChessBase"]
[SourceDate "2012.08.24"]
[SourceVersion "1"]
[SourceVersionDate "2012.08.24"]
[SourceQuality "1"]

1. d4 d5 2. c4 e6 3. Nc3 Be7 4. Nf3 Nf6 5. Bf4 0-0 6. e3 b6 7. cxd5 exd5 8. Bd3 c5 9. 0-0 Bb7 10. Rc1 Nbd7 11. h3 Rc8 12. Nb5 a6 13. Nd6 Bxd6 14. Bxd6 Re8 15. b3 Ne4 16. Bf4 Nf8 17. Bh2 Ng6 18. Qe2 a5 19. Rfd1 Ng5 20. Nxg5 Qxg5 21. Bb5 Red8 22. Qg4 Qf6 23. Bg3 h6 24. h4 Bc6 25. Ba6 Ra8 26. Bf1 Qe7 27. Rd2 Nf8 28. h5 Qe6 29. Qf4 Nd7 30. Bd3 Rac8 31. Bh4 f6 32. Bf5 Qe7 33. Qg4 Bb7 34. Bg3 Kh8 35. Rdc2 Rc6 36. Bd3 Rcc8 37. Bf5 Rc6 38. Qe2 c4 39. Qf3 Nf8 40. bxc4 dxc4 41. d5 Rc5 42. e4 Ba6 43. a4 Qe8 44. Rb2 Qxa4 45. Rxb6 Bc8 46. Qe3 Rb5 47. Bxc8 Rxc8 48. Rc6 Rd8 49. R6xc4 Qa2 50. Rc8 Rxc8 51. Rxc8 Qb1+ 52. Kh2 Qb4 53. d6 Rxh5+ 54. Kg1 Kh7 55. f3 Qb1+ 56. Be1 Ne6 57. d7 a4 58. Re8 Qb5 59. Rxe6 Qxd7 60. Rb6 Qa7 61. Rb3 1-0

[Event "Pardubice op-B"]
[Site "Pardubice"]
[Date "2009.08.01"]
[Round "9"]
[White "Wehner, Janis"]
[Black "Laimins, Lauris"]
[Result "0-1"]
[WhiteElo "2184"]
[BlackElo "2225"]
[PlyCount "102"]
[EventDate "2009.07.24"]
[EventType "swiss"]
[EventRounds "9"]
[EventCountry "CZE"]
[SourceTitle "CBM 131 Extra"]
[Source "ChessBase"]
[SourceDate "2009.09.03"]
[SourceVersion "2"]
[SourceVersionDate "2009.09.16"]
[SourceQuality "1"]

1. e4 e5 2. Nf3 Nf6 3. Nxe5 d6 4. Nf3 Nxe4 5. Nc3 Nxc3 6. dxc3 Be7 7. Bd3 0-0 8. Be3 Nc6 9. Qd2 Ne5 10. Nxe5 dxe5 11. 0-0-0 Bd6 12. f4 Qe7 13. fxe5 Bxe5 14. Qe2 Qh4 15. Rdf1 Bg4 16. Qf2 Qxf2 17. Rxf2 Rfe8 18. Bc4 Be6 19. Bxe6 Rxe6 20. Bd4 Rae8 21. Bxe5 Rxe5 22. Rd1 h5 23. b3 g5 24. Rd7 R5e7 25. Rxe7 Rxe7 26. Rf5 f6 27. Rxf6 Kg7 28. Rf2 Kg6 29. c4 h4 30. h3 Re1+ 31. Kd2 Rg1 32. Ke3 a5 33. a4 Rc1 34. Rd2 Kf6 35. Ke4 Rf1 36. Ke3 Rg1 37. Kf3 Rc1 38. Kg4 Rg1 39. Kh5 Rf1 40. Rd5 Rf5 41. Rxf5+ Kxf5 42. c5 c6 43. c3 Kf4 44. Kg6 g4 45. hxg4 Kxg4 46. Kf6 Kg3 47. Kg5 Kxg2 48. Kxh4 Kf3 49. Kg5 Ke4 50. Kf6 Kd3 51. Ke6 Kxc3 0-1

[Event "Pardubice op-B"]
[Site "Pardubice"]
[Date "2009.07.29"]
[Round "6"]
[White "Laimins, Lauris"]
[Black "Pranizin, Gennady"]
[Result "0-1"]
[WhiteElo "2225"]
[BlackElo "2152"]
[PlyCount "50"]
[EventDate "2009.07.24"]
[EventType "swiss"]
[EventRounds "9"]
[EventCountry "CZE"]
[SourceTitle "CBM 131 Extra"]
[Source "ChessBase"]
[SourceDate "2009.09.03"]
[SourceVersion "2"]
[SourceVersionDate "2009.09.16"]
[SourceQuality "1"]

1. e4 e5 2. Nc3 Nf6 3. Bc4 Nc6 4. d3 Bc5 5. f4 d6 6. Nf3 Bg4 7. h3 Bxf3 8. Qxf3 Nd4 9. Qg3 Qe7 10. Bb3 Nf5 11. Qh2 Nd4 12. fxe5 Nh5 13. Rf1 Qh4+ 14. Kd1 Rf8 15. Bd2 Ng3 16. Rf4 Qh5+ 17. Ke1 Nde2 18. Rf3 Bg1 19. Qxg1 Nxg1 20. Rxg3 Qh4 21. Kf2 f5 22. Nd5 fxe4+ 23. Kxg1 Qxg3 24. Nxc7+ Kd7 25. Nxa8 Rf2 0-1